000 00441nmm a2200157Ia 4500
008 251105s9999||||xx |||||||||||||||||und||
041 _aspa
100 _aMancusi, Mari
245 0 _aChicos que muerden
264 _a[Madrid, España] :
_bLa Factoría de Ideas,
_c2011
300 _a256 páginas
490 _aTrakatra
650 _aTeen & Young Adult Fiction
856 _uhttps://public.digitaliapublishing.com/a/25518
942 _cCF
999 _c100884
_d100884